书目信息 |
| 题名: |
克拉维约东使记
|
|
| 作者: | 奥玛·李查 译 ;杨兆钧 译 | |
| 分册: | ||
| 出版信息: | 北京 商务印书馆 1944.06 |
|
| 页数: | 190页 | |
| 开本: | 19cm | |
| 丛书名: | 汉译世界学术名著丛书 | |
| 单 册: | ||
| 中图分类: | K37 | |
| 科图分类: | ||
| 主题词: | 西亚--历史 | |
| 电子资源: | ||
| ISBN: | ||
| 000 | 00654nam0 2200229 45 | |
| 001 | 0504181708 | |
| 005 | 20050419171317.8 | |
| 010 | @dCNY1.30 | |
| 100 | @a20050418d1944 km y0chiy0120 ea | |
| 101 | 0 | @achi |
| 105 | @a z 000yy | |
| 200 | 1 | @a克拉维约东使记@AKe La Wei Yue Dong Shi Ji@f[土耳其]奥玛·李查 译@F[Tu Er Qi]Ao Ma·Li Cha Yi@g杨兆钧 译 |
| 210 | @a北京@c商务印书馆@d1944.06 | |
| 215 | @a190页@d19cm | |
| 225 | @a汉译世界学术名著丛书 | |
| 410 | @12001 @a汉译世界学术名著丛书 | |
| 606 | 0 | @a西亚@x历史 |
| 690 | @aK37@v3 | |
| 701 | 0 | @a奥玛·李查@4译 |
| 702 | 0 | @a杨兆钧@4译 |
| 801 | @aCN@bTSTCL@c20050418 | |
| 905 | @f1@b171318@dK37@e2 | |
| 克拉维约东使记/[土耳其]奥玛·李查 译/杨兆钧 译.-北京:商务印书馆,1944.06 |
| 190页;19cm.-(汉译世界学术名著丛书) |
| ISBN :CNY1.30 |
| ● |
| 相关链接 |
|
|
|
|
正题名:克拉维约东使记
索取号:K37/2
 
预约/预借
| 序号 | 登录号 | 条形码 | 馆藏地/架位号 | 状态 | 备注 |
| 1 | 0171318 | 002000505 | 第二借阅区/ [索取号:K37/2] | 在馆 | |
| 2 | 0171319 | 001396359 | 第二样本阅览室/ [索取号:K37/2] | 在馆 |